000 00716nam a2200289Ia 4500
005 20260324133945.0
008 008 260324s9999 xx 000 0 eng d
020 _a9781410606273
037 _aEBOOK
040 _aCRL
040 _beng
040 _cCRL
041 _2eng
041 _aeng
084 _qCRL
100 _aVivian Zamel; Ruth Spack
_91189470
245 0 _aEnriching Esol Pedagogy
245 0 _bReadings and Activities for Engagement, Reflection, and Inquiry
260 _bTaylor and Francis
260 _c2002
365 _a
365 _b300
856 _uhttp://www.taylorfrancis.com/books/9781410606273
942 _cEBOOK
999 _c1794613
_d1794613